Statistics for Countries That Produce Most Movies

Click here to take the quiz!

General Stats

  • This quiz has been taken 443 times
    (366 since last reset)
  • The average score is 28 of 30

Answer Stats

HintAnswer% Correct
Largest industries by number of film productions791United States
100%
Largest markets by number of box office admissions(M of tickets)1,240United States
100%
Largest markets by box office revenue(billion $)11.08United States
100%
Largest industries by number of film productions874China
98%
Largest markets by number of box office admissions(M of tickets)1,620China
98%
Largest markets by box office revenue(billion $)9.15China
98%
Largest industries by number of film productions1,813India
98%
Largest markets by number of box office admissions(M of tickets)2,020India
98%
Largest markets by box office revenue(billion $)2.44India
98%
Largest markets by number of box office admissions(M of tickets)206France
95%
Largest industries by number of film productions300France
95%
Largest markets by box office revenue(billion $)1.50France
95%
Largest markets by box office revenue(billion $)1.72United Kingdom
94%
Largest markets by number of box office admissions(M of tickets)171United Kingdom
94%
Largest industries by number of film productions285United Kingdom
94%
Largest industries by number of film productions233Germany
93%
Largest markets by box office revenue(billion $)1.11Germany
93%
Largest markets by box office revenue(billion $)2.09Japan
93%
Largest industries by number of film productions613Japan
93%
Largest markets by number of box office admissions(M of tickets)174Japan
93%
Largest markets by number of box office admissions(M of tickets)338Mexico
92%
Largest industries by number of film productions241Spain
92%
Largest markets by box office revenue(billion $)1.0Russia
90%
Largest markets by number of box office admissions(M of tickets)213Russia
90%
Largest markets by number of box office admissions(M of tickets)181Brazil
88%
Largest industries by number of film productions339South Korea
84%
Largest markets by number of box office admissions(M of tickets)217South Korea
84%
Largest markets by box office revenue(billion $)1.60South Korea
84%
Largest markets by box office revenue(billion $)0.95Australia
81%
Largest industries by number of film productions997Nigeria
71%

Score Distribution

Percentile by Number Answered

Percent of People with Each Score

Your Score History

You have not taken this quiz since the last reset